French Pastries - Sudden Death - Statistics

General Stats
  • This quiz has been taken 89 times
  • The average score is 9 of 11
Answers on the Grid
Answers color-coded by a green-red scale on the quiz's grid according to % correct below.
Pain Au Chocolat
Profiterole
Macaron
Brigadeiro
Strudel
Madeleine
Alfajor
Financiers
Melomakarona
Kulfi
Croissant
Palmiers
Khrustyky
Pacoca
Tiramisu
Malabi
Tarte Tatin
Beignets
Galette De Rois
Éclair
 
Answer Stats
Answer % Correct
Pain Au Chocolat
99%
Macaron
94%
Croissant
91%
Madeleine
88%
Profiterole
86%
Beignets
85%
Éclair
83%
Tarte Tatin
83%
Galette De Rois
78%
Financiers
77%
Palmiers
74%
No matching quizzes found
Score Distribution
Percent of People with Each Score
Percentile by Number Answered
Your Score History
You have not taken this quiz